Verdadeiro ou Falso: Curiosidades #1 - Statistics

Estatísticas Gerais
  • Esse quiz foi jogado 126 vezes
    113 desde o último reset
  • A pontuação média é 11 de 20
Estatísticas das Respostas
Questão Resposta % Correto
Uma Cidade na Noruega fica 3 meses sem sol. Verdadeiro
88%
A Via Láctea vai se chocar com outra galáxia em bilhões de anos. Verdadeiro
80%
O Maior diamante do mundo foi encontrado na África do Sul em 1905. Verdadeiro
76%
Uma ilha inteira desapareceu no Oceano Pacífico devido a um tsunami. Verdadeiro
76%
Já Nevou no Egito. Verdadeiro
68%
Uma estação espacial caiu no oceano Pacífico. Verdadeiro
67%
O primeiro e-mail da história foi enviado em 1971. Verdadeiro
66%
Já choveu peixes na Honduras. Verdadeiro
65%
Em 2021, cientistas encontraram uma bolha de água flutuando no espaço. Falso
62%
O Corpo Humano possui ferro o suficiente para fazer um prego de 7cm. Verdadeiro
62%
A Rainha Elizabeth deixou uma carta que só poderá ser lida em 2085. Verdadeiro
58%
O maior terremoto já registrado aconteceu no Chile em 1960. Verdadeiro
56%
O Monte Everest cresce cerca de 1cm por ano. Verdadeiro
52%
A China já tentou desenvolver uma arma que apaga a memória das pessoas a distância. Falso
50%
Um tipo de planta pode crescer mais de 1 metro em um único dia. Verdadeiro
50%
A Antártica e América do Sul vão formar um único continente daqui a 40 mil anos. Falso
46%
A Rússia tem o maior lago de água doce do mundo. Falso
44%
Em 1977, o Brasil quase vendeu a Amazônia para os Estados Unidos. Falso
31%
Em 1994, um vulcão acordou na Colômbia após 500 anos. Falso
27%
Há uma caverna na Ucrânia que se ilumina sozinha devido a cristais bioluminescentes. Falso
9%
Nenhum quiz correspondente encontrado
Distribuição das Pontuações
Porcentagem de Pessoas com Cada Pontuação
Percentil de Números Respondidos
Sua Pontuação Histórica
Você não jogou esse quiz desde o último reset